000
00309nam a2200133 a 4500
001
5222
003
CDMR
005
20130116135306.0
008
130130s2010||||||||||||||||||||||||||||d
040
_a
CDMR
_b
cat
_c
CPC GIRONA
245
0
_a
Memòria Curs Acadèmic 08-09
260
_c
2010
_b
UdG Formació
942
_c
MON
999
_c
5222
_d
5222